Normal view
MARC view
Entry Personal Name
001 - CONTROL NUMBER
- control field: 246128
003 - CONTROL NUMBER IDENTIFIER
- control field: OSt
005 - DATE AND TIME OF LATEST TRANSACTION
- control field: 20251118113920.0
008 - FIXED-LENGTH DATA ELEMENTS
- fixed length control field: 251118|| aca||aabn | a|a d
040 ## - CATALOGING SOURCE
- Original cataloging agency: OSt
- Transcribing agency: OSt
100 ## - HEADING--PERSONAL NAME
- Personal name: SHANKARA MOKASHI PUNEKARA
- Dates associated with a name: ಶಂಕರ ಮೊಕಾಶಿ ಪುಣೇಕರ
670 ## - SOURCE DATA FOUND
- Source citation: Work cat.: (OSt)140270: SHANKARA MOKASHI PUNEKARA ಶಂಕರ ಮೊಕಾಶಿ ಪುಣೇಕರ, Nirabelagu: Shankara Mokashi Punekara lekhanagalu, 2009